000 00362nam a22001577a 4500
005 20251108172619.0
008 250721s9999 xx 000 0 eng d
082 1 4 _a618.24ANt
100 1 _aAlexander, Jo
245 1 0 _aAntenatal Care /
264 1 _aLondon :
_bMcmillan,
300 _a158 p
650 1 7 _aPrenatal Care
942 _2ddc
_cBK
999 _c84039
_d84039